| 000 | 00579nam a2200205 a 4500 | ||
|---|---|---|---|
| 005 | 20210219152851.0 | ||
| 008 | 991125n 000 0 eng u | ||
| 035 | _aUPN01000064191 | ||
| 100 | _aBecker, Lee B. | ||
| 222 | _aJOURNALISM AND MASS COMMUNICATION EDUCATOR | ||
| 245 | _aAnnual enrollment census : comparisons and projections | ||
| 300 | _a50-60 | ||
| 362 | _a1991 46, no. 3 | ||
| 653 | 0 | _aCURSOS AISLADOS | |
| 653 | 0 | _aEDUCACION PERIODISTICA | |
| 653 | 0 | _aESTADISTICAS EDUCATIVAS | |
| 653 | 0 | _aGRADOS ACADEMICOS | |
| 904 |
_aAC _b002002 |
||
| 905 | _aArticulo | ||
| 999 |
_c62473 _d62473 |
||